|
|
|
|
| LEADER |
00000nam0a2200000 4500 |
| 001 |
252160 |
| 005 |
20231101232725.0 |
| 010 |
|
|
|a 5745501529
|
| 035 |
|
|
|a (RuTPU)RU\TPU\book\274489
|
| 090 |
|
|
|a 252160
|
| 100 |
|
|
|a 20140227d1989 m y0rusy50 ca
|
| 101 |
0 |
|
|a rus
|
| 102 |
|
|
|a RU
|
| 105 |
|
|
|a y z 001zy
|
| 200 |
1 |
|
|a Электроприводы промышленных роботов с внешними магнитными системами
|f А. М. Литвиненко
|
| 210 |
|
|
|a Воронеж
|c Изд-во Воронежского гос. ун-та
|d 1989
|
| 215 |
|
|
|a 160 с.
|
| 320 |
|
|
|a Библиогр.: с. 152-156.
|
| 606 |
1 |
|
|a Роботы промышленные
|x Электроприводы автоматические
|2 stltpush
|3 (RuTPU)RU\TPU\subj\25318
|9 49513
|
| 610 |
1 |
|
|a роботы
|
| 610 |
1 |
|
|a электроприводы с внешними магнитными системами
|
| 610 |
1 |
|
|a робототехнические комплексы
|
| 610 |
1 |
|
|a электродинамические двигатели
|
| 610 |
1 |
|
|a расчеты
|
| 610 |
1 |
|
|a токоограничение
|
| 610 |
1 |
|
|a монографии
|
| 675 |
|
|
|a 621.865.8-8
|v 3
|
| 700 |
|
1 |
|a Литвиненко
|b А. М.
|g Александр Михайлович
|
| 801 |
|
1 |
|a RU
|b 63413507
|c 20140227
|
| 801 |
|
2 |
|a RU
|b 63413507
|c 20140319
|g RCR
|
| 942 |
|
|
|c BK
|